| 000 | 00366nam a2200109Ia 4500 | ||
|---|---|---|---|
| 008 | 171211s9999 xx 000 0 und d | ||
| 245 | _aPractice Makes Perfect Beginning Spanish | ||
| 245 | _cDavid M. Stillman and Ronni L. Gordon | ||
| 260 | _c2011 | ||
| 650 | _xLANGUAGES | ||
| 856 | _uhttp://down.ebook777.com/025/Practice%20Makes%20Perfect%20Beginning%20Spanish.pdf | ||
| 999 |
_c349747 _d349747 |
||